000 01013nam a22002777a 4500
001 9928
003 FISKH
005 20260317104156.0
008 260317b cb ||||| |||| 00| 0 eng d
020 _a9780806919232
040 _aFISKH
_beng
_cFISKH
_dFISKH
050 _aPZ7
082 _a823
100 _aLeblanc, Anne
_eAuthor
245 _aBenjamin finds a friend /
_cBy Anne Leblanc
260 _aNew York :
_bSterling Publishing Company Inc. ,
_c1999
300 _a16 unnumbered pages :
_bcolor illustrations ;
_c16 cm
505 _aG
520 _aHurrah! It's a holiday and Benjamin has no school. He wants to go outside and play, but mommy and daddy are busy. It's no fun to be alone, so Benjamin searches for a friend. And just when he thinks he won't find one...an unexpected pal turns up! 20 pages
521 8 _a300
_bLexile estimate
521 8 _aG
_bRaz-Plus
650 _aBoard book
_vFriendship
650 _aFeelings
_vMaking friends
942 _2ddc
_cBK
_n0
999 _c9928
_d9928